マフィア・その神話と現実

Shranjeno v:
Bibliografske podrobnosti
Glavni avtor: 竹山 博英 (Takeyama Hirohide)
Format: Knjiga
Izdano: 講談社 1990
Oznake: Označite
Brez oznak, prvi označite!
Thư viện lưu trữ: Mạng thư viện Đại học Đà Nẵng
LEADER 00565nam a2200229 a 4500
001 000029800
003 14920
005 20171030145630.0
008 171030s1990
040 |a LTT 
082 0 |a 364.11  |b TA-H 
100 1 |a 竹山 博英 (Takeyama Hirohide) 
245 0 0 |a マフィア・その神話と現実  |c 竹山 博英. 
260 |b 講談社  |c 1990 
500 |a SAIKA 
OWN |a LTT 
999 |a From the UDN01 
TYP |a Monograph 
TYP |a Printed language 
980 |a Mạng thư viện Đại học Đà Nẵng